000 00329nam a2200133Ia 4500
008 220120s9999||||xx |||||||||||||| ||und||
082 _a620.3 RAO
100 _aRao, Singiresu S
245 0 _aMechanical Vibrations
250 _a4th
260 _aPearson
_bNew Delhi
_c2013
300 _aXIV,493p
_b0
650 _aCOMPUTER SCIENCE
999 _c132989
_d132989